| 000 | 00972nas a2200301 4500 | ||
|---|---|---|---|
| 001 | BR2011003774 | ||
| 003 | BR-BrBNA | ||
| 005 | 20231205115423.0 | ||
| 007 | ta | ||
| 008 | 230509b bl.|||p| |||| 00| 00por d | ||
| 040 |
_aBR-BrBNA _bpor _cBiblioteca Nacional de Agricultura |
||
| 041 | _a(Pt) | ||
| 072 | _aJ11 | ||
| 100 | 1 | _aHendges, M.V. | |
| 100 | 1 | _aSteffens, C.A. | |
| 100 | 1 | _aAntoniolli, L.R. | |
| 100 | 1 | _aAmarante, C.V.T. do | |
| 100 | 1 | _aBrackmann, A. | |
| 245 | 1 | _aQualidade de maçãs Royal Gala submetidas ao dano mecânico por impacto e aplicação de 1-metilciclopropeno em dois sistemas comerciais de armazenamento | |
| 650 | _aMAÇÃ | ||
| 650 | _aARMAZENAMENTO | ||
| 650 | _aDANO MECÂNICO | ||
| 650 | _aETILENO | ||
| 650 | _aREFRIGERAÇÃO | ||
| 773 | 0 |
_tRevista Brasileira de Fruticultura (Brazil) _xISSN 0100 2945 _g(Mar 2011), v. 33(1) p. 32-39 _wBR2011003774 |
|
| 909 |
_a202311 _bLúcia _c55 _dLúcia Elande |
||
| 942 |
_2AGRIS _n0 _cANA |
||
| 999 |
_c213715 _d213715 |
||